00613nam a2200133Ia 4500008004100000100003400041245010900075245014600184260005300330260000900383300001100392650001500403856006100418170221s9999 xx 000 0 und d aLudmila Nikolaevna Deputatova 4aThe Development of Management System of Intellectual Work for Increasing Energy Efficiency of Companies  cLudmila Nikolaevna Deputatova, Eugeniia Rinatovna Mukhina, Anna Valerevna Marinina, Vladimir Pavlovich Postnikov, Eugeniia Andreevna Lazukova bInternational Review of Management and Marketing c2016 a6 : 5S xMarketing. uhttp://www.econjournals.com/index.php/irmm/issue/view/83